Nexus Papae Cum Catholicismo Opusculum anno 1816. Lucerinae apud Helvetios editum, e Germanico nuper Hungarice, nunc Latine redditum.

Bibliographic Details
Main Author: Geiger, Franz, 1755-1843 (Author)
Other Authors: Jordánsky, Alex, 1765-1840 (Translator)
Format: Book
Language:Latin
Hungarian
German
PhysicalDescription:23, 24 s. 21 cm
Published: Tirnaviae Typis Jelinekianis 1817
Edition:1. vyd.
Subjects:

MARC

LEADER 00000nam a2200000 a 4500
001 vtls001476335
003 SK-MaSNL
005 20260301182838.0
008 240318t1817 xo lat
035 |a SNK000431636 
035 |a urn:nbn:sk:snk-am3hrwr 
035 |a 8A94E7F5-EF31-4AF0-BB90-53FE7B782B5B 
035 |a urn:nbn:sk:snk-am00d740 
040 |a SNK  |b slo  |c SNK  |e AACR2 
041 1 |a lat  |a hun  |h ger 
044 |a xo  |c SK 
100 1 |a Geiger, Franz,  |d 1755-1843  |4 aut  |9 374059 
240 1 4 |a Der Papst im Verhältnisse zum Katholizismus  |l Latinsky 
245 1 0 |a Nexus Papae Cum Catholicismo  |b Opusculum anno 1816. Lucerinae apud Helvetios editum, e Germanico nuper Hungarice, nunc Latine redditum.  |c atine redditum [ab A. Jordánszky Elek] 
246 3 1 |a A´Pápa A´Katholicismusra Avagy Anyaszentegyház Közönséges Voltára Nézve 
250 |a 1. vyd. 
260 |a Tirnaviae  |b Typis Jelinekianis  |c 1817 
300 |a 23, 24 s.  |c 21 cm 
500 |a Dokument obsahuje dielo v latinčine (23 s.) a súbežne v maďarčine s totožným tit. listom v maďarčine A´Pápa A´Katholicismusra ... Nagy-Szombathban, Jelinek Ventzeľ betüjivel 1817 (24 s.) 
500 |a Exemplár SNMK je dar Országos Széchényi Könyvtár (Budapešť, Maďarsko) 
546 |a Latinský a maďarský text 
650 0 7 |a staré tlače  |2 SNKPH  |9 51683 
700 1 |a Jordánsky, Alex,  |d 1765-1840  |4 trl  |9 124151 
710 2 |a Országos Széchényi Könyvtár (Budapešť, Maďarsko)  |4 dnr  |9 35819 
958 |a ONDV 
999 |c 855016  |d 856946 
952 |t P60, <03>, [BOOK], {603}  |a SNK  |b SNK  |y PREZ  |7 0  |p 17A0430803  |o snkSC 11647  |i snkKSF 1380/58  |8 5  |0 0  |1 0  |4 0  |d 2004-06-08  |f 1  |l 0  |r 2025-07-11 00:00:00  |w 2026-02-24 
952 |a SNK  |b SNK  |y VYP  |7 0  |p 17A0461220  |o snkSC 11647 D1  |i snkK 638/80  |0 0  |1 0  |4 0  |d 2005-03-21  |l 0  |r 2026-02-24 04:53:57  |w 2026-02-24